000 00737nmm a2200253 a 4500
003 AR-BaBNM
005 20251128203750.0
008 077019s1963 ||||||||||||||000 | spa||
040 _cAR-BaBNM
100 1 _aCossettini, Olga
_d1898-1987
245 1 0 _aLa educación popular en Inglaterra, Francia e Italia
260 _aSanta Fe
_bUniversidad Nacional del Litoral
_c1963
300 0 _a50 p.
650 4 _aSERVICIOS SOCIALES
650 4 _aENSENANZA AUDIOVISUAL
650 4 _aAUXILIARES AUDIOVISUALES
651 4 _aReino Unido
651 4 _aItalia
651 4 _aFrancia
653 0 _aEDUCACION POPULAR
710 2 _aUniversidad Nacional del Litoral
_bDepartamento de Pedagogía Universitaria
942 _cBK
998 _cSILVI
999 _c4854
_d4854